El secreto profesional del abogado y del procurador y su proyección penal.

Збережено в:
Бібліографічні деталі
Автор: Cortés Bechiarelli, Emilio (autor)
Інші автори: Cobo del Rosal, Manuel (prólogo)
Формат: Книга
Опубліковано: Madrid, España: Marcial Pons, 1998.
Серія:Monografías Jurídicas
Предмети:
Теги: Додати тег
Немає тегів, Будьте першим, хто поставить тег для цього запису!

MARC

LEADER 00000nam a22000007a 4500
003 CL-VaPUC
005 20230619161857.0
008 230602t1998 ||||| |||| 00| 0 eng d
999 |c 441032  |d 441030 
020 |a 84-7248-583-8 
040 |c Pontificia Universidad Católica de Valparaíso 
082 0 4 |2 22  |a 174.3 COR 1998 
100 1 |a Cortés Bechiarelli, Emilio  |9 569576  |e autor 
245 1 3 |a El secreto profesional del abogado y del procurador y su proyección penal. 
260 |a Madrid, España:  |b Marcial Pons,  |c 1998. 
300 |a 239 páginas. 
490 0 |a Monografías Jurídicas 
500 |a c.1 Donación Profesor Jorge Precht Pizarro. Memo 015/2023 
583 |c 20230602  |k Catalogador Asistente 
650 1 |a Secreto profesional  |x Abogados  |9 883196 
650 1 |a Secreto profesional  |x Procuradores  |9 883197 
650 1 |a Ética legal  |9 883198 
700 |a Cobo del Rosal, Manuel  |9 401189  |e prólogo 
942 |2 ddc  |c BK 
952 |0 0  |1 0  |2 ddc  |4 0  |6 174_300000000000000_COR_1998  |7 0  |8 A  |9 590349  |a BIBDER  |b BIBDER  |d 2023-06-02  |e Donación  |i 5657675  |o 174.3 COR 1998  |p 5657675  |r 2023-06-02  |t 1  |w 2023-06-02  |y BK  |k DER